The five W's - Statistics

General Stats
  • This quiz has been taken 51 times
  • The average score is 5 of 5
Answer Stats
Answer % Correct
Who
100%
What
98%
When
98%
Where
96%
Why
96%
No matching quizzes found
Score Distribution
Percent of People with Each Score
Percentile by Number Answered
Your Score History
You have not taken this quiz